[Event "European Rapid 2022"]
[Site "Katowice POL"]
[Date "2022.12.18"]
[Round "9.51"]
[White "Dehtiarov, Roman"]
[Black "Dragnev, Valentin"]
[Result "0-1"]
[WhiteTitle "FM"]
[BlackTitle "GM"]
[WhiteElo "2300"]
[BlackElo "2556"]
[WhiteFideId "14186640"]
[BlackFideId "1634852"]
[EventDate "2022.12.17"]

1. e4 c6 2. Nc3 d5 3. Nf3 Bg4 4. h3 Bxf3 5. Qxf3 e6 6. d3 Nd7 7. Bd2 Bd6 8. d4
Ne7 9. O-O-O O-O 10. Bd3 e5 11. exd5 exd4 12. Qe4 Ng6 13. Qxd4 Be5 14. Qc4 Nb6
15. Qg4 Nxd5 16. Bxg6 hxg6 17. Nxd5 cxd5 18. Be3 Rc8 19. Qa4 Qf6 20. Qb3 d4 21.
Bd2 Qxf2 22. Rhf1 Qxg2 23. Bb4 d3 24. Qxd3 Rfe8 25. Qb3 Bf6 26. Kb1 Re2 27. Bc3
Re6 28. Bxf6 Rxf6 29. Rxf6 gxf6 30. a3 Qc6 31. h4 Qc4 32. Rd8+ Kg7 33. Rxc8 Qxc8
34. h5 gxh5 35. Qf3 Qg4 36. Qxb7 h4 37. c4 h3 0-1

[Event "European Rapid 2022"]
[Site "Katowice POL"]
[Date "2022.12.18"]
[Round "9.52"]
[White "Horvath, Dominik"]
[Black "Decosse, Jean-Fabien"]
[Result "1-0"]
[WhiteTitle "IM"]
[BlackTitle "CM"]
[WhiteElo "2502"]
[BlackElo "2149"]
[WhiteFideId "1642561"]
[BlackFideId "622583"]
[EventDate "2022.12.17"]

1. e4 d6 2. d4 Nf6 3. Nc3 e5 4. Nf3 Nbd7 5. Bc4 Be7 6. O-O O-O 7. Re1 c6 8. a4
a5 9. Ba2 exd4 10. Nxd4 Nc5 11. Bf4 Be6 12. Bg3 Bxa2 13. Rxa2 g6 14. Qf3 Ne6 15.
Nxe6 fxe6 16. e5 Nd5 17. Qg4 Nxc3 18. Qxe6+ Rf7 19. bxc3 dxe5 20. Rb2 Qd2 21.
Rf1 b5 22. Qxc6 Raf8 23. Rxb5 e4 24. Qxe4 1-0

[Event "European Rapid 2022"]
[Site "Katowice POL"]
[Date "2022.12.18"]
[Round "9.53"]
[White "Saraci, Korab"]
[Black "Stefanova, Antoaneta"]
[Result "0-1"]
[BlackTitle "GM"]
[WhiteElo "2192"]
[BlackElo "2442"]
[WhiteFideId "4701968"]
[BlackFideId "2902257"]
[EventDate "2022.12.17"]

1. e4 e5 2. Nf3 Nc6 3. Bc4 Bc5 4. d3 Nf6 5. O-O d6 6. c3 a6 7. h3 h6 8. Re1 Ba7
9. Nbd2 g5 10. Nf1 g4 11. hxg4 Nxg4 12. Be3 Nxe3 13. Nxe3 Rg8 14. d4 Qf6 15.
dxe5 Nxe5 16. Nxe5 dxe5 17. Kf1 Bg4 18. Qd2 Rd8 19. Nd5 Qh4 20. Kg1 c6 21. Bf1
cxd5 22. exd5 Kf8 23. Re4 Rxd5 24. Qxd5 Bxf2# 0-1

[Event "European Rapid 2022"]
[Site "Katowice POL"]
[Date "2022.12.18"]
[Round "9.54"]
[White "Wisniewski, Michal"]
[Black "Ondozi, Murtez"]
[Result "1-0"]
[WhiteTitle "FM"]
[BlackTitle "FM"]
[WhiteElo "2168"]
[BlackElo "2406"]
[WhiteFideId "1159682"]
[BlackFideId "937576"]
[EventDate "2022.12.17"]

1. Nf3 d5 2. c4 c6 3. g3 Nf6 4. Bg2 g6 5. b3 Bg7 6. Bb2 O-O 7. O-O Na6 8. d3 b6
9. Nbd2 Bb7 10. e4 Nc5 11. Qe2 dxe4 12. dxe4 Qd3 13. Rfe1 Qxe2 14. Rxe2 Rad8 15.
e5 Nfd7 16. Bc3 Ne6 17. Nd4 Nxd4 18. Bxd4 e6 19. f4 c5 20. Bxb7 cxd4 21. b4 f6
22. exf6 Nxf6 23. Rxe6 d3 24. Rd1 Rf7 25. Bf3 Rc7 26. Kg2 Kf7 27. Re3 Bf8 28. a3
a5 29. c5 bxc5 30. b5 c4 31. b6 Rc5 32. b7 Rb8 33. Rc1 c3 34. Nb3 d2 35. Rcxc3
Rxc3 36. Rxc3 Rxb7 37. Rd3 Rd7 38. Rxd7+ Nxd7 39. Nxa5 Bxa3 40. Nc4 Bb4 41. Kf2
Nc5 42. Ke2 Nb3 43. Kd1 Kf6 44. Bd5 g5 45. Ne3 Nd4 46. Be4 gxf4 47. gxf4 Bd6 48.
Nd5+ Ke6 49. Kxd2 Nf5 50. Ke2 Ne7 51. Nxe7 Kxe7 52. Kf3 h6 53. Kg4 Kf6 54. h3
Bc7 55. Bc2 Bd6 56. f5 Bb4 57. Kh5 Bd2 58. Kg4 Bc1 59. Bb1 Ke5 60. Bc2 Bg5 61.
Bb1 Kf6 62. h4 Bc1 63. Bc2 Bd2 64. Bb1 Be1 65. Kh5 Bd2 66. Bc2 1-0

[Event "European Rapid 2022"]
[Site "Katowice POL"]
[Date "2022.12.18"]
[Round "9.55"]
[White "Bazakutsa, Svyatoslav"]
[Black "Piesik, Piotr"]
[Result "0-1"]
[BlackTitle "IM"]
[WhiteElo "2318"]
[BlackElo "2420"]
[WhiteFideId "14198525"]
[BlackFideId "1136194"]
[EventDate "2022.12.17"]

1. c4 c6 2. d4 d5 3. cxd5 cxd5 4. Nc3 Nc6 5. Bf4 e5 6. Bxe5 Nxe5 7. dxe5 d4 8.
Qa4+ b5 9. Nxb5 Bd7 10. Qa6 Bb4+ 11. Kd1 Rb8 12. a4 Be6 13. Nd6+ Kf8 14. e4 dxe3
15. fxe3 f6 16. Bc4 Rb6 17. Qxa7 Bxc4 18. Rc1 Bxd6 19. exd6 Qxd6+ 20. Ke1 Qb4+
21. Rc3 Ne7 22. Qc7 Rc6 23. Qd8+ Kf7 24. Qd4 Qxa4 25. Kf2 Qb5 26. Nf3 Rhc8 27.
Rhc1 Be6 28. Rxc6 Rxc6 29. Rxc6 Nxc6 30. Qf4 Qxb2+ 31. Kg3 Ne5 32. Ng5+ Ke7 33.
Nxh7 Qb1 34. Ng5 Qe1+ 35. Qf2 Qxf2+ 36. Kxf2 fxg5 37. e4 Kf6 38. Kg3 g4 39. Kf4
Ng6+ 40. Ke3 Ke5 41. g3 Nf8 42. Kd3 Nd7 43. Ke3 Nc5 44. h4 gxh3 45. Kf2 Nxe4+
46. Kg1 Kf5 47. g4+ Kf4 48. Kh2 Bxg4 49. Kg1 Kg3 50. Kh1 Nf2+ 51. Kg1 h2+ 52.
Kf1 h1=R# 0-1

[Event "European Rapid 2022"]
[Site "Katowice POL"]
[Date "2022.12.18"]
[Round "9.56"]
[White "Klenburg, Michael"]
[Black "Martynkova, Olena"]
[Result "0-1"]
[WhiteTitle "IM"]
[BlackTitle "WIM"]
[WhiteElo "2347"]
[BlackElo "2227"]
[WhiteFideId "14102072"]
[BlackFideId "14134039"]
[EventDate "2022.12.17"]

1. g3 d5 2. Bg2 Nf6 3. d3 g6 4. Nf3 Bg7 5. O-O O-O 6. Nbd2 c5 7. e4 Nc6 8. Re1
e6 9. c3 a5 10. a4 b6 11. h3 Ba6 12. exd5 exd5 13. Nb3 Qd7 14. Bf4 Qf5 15. d4
cxd4 16. Nbxd4 Nxd4 17. Nxd4 Qd7 18. Qb3 Nh5 19. Be3 Bc4 20. Qc2 Nf6 21. b3 Ba6
22. Rad1 Rac8 23. f3 Qc7 24. g4 Qxc3 25. Qf2 Rfe8 26. Rc1 Qb4 27. Rxc8 Rxc8 28.
Bf1 Bxf1 29. Rxf1 Re8 30. Rd1 Qc3 31. Nc2 Qxb3 32. Bxb6 Rc8 33. Ne3 Qxb6 0-1

[Event "European Rapid 2022"]
[Site "Katowice POL"]
[Date "2022.12.18"]
[Round "9.57"]
[White "Arkell, Keith C"]
[Black "Wikar, Martyna"]
[Result "1-0"]
[WhiteTitle "GM"]
[BlackTitle "WFM"]
[WhiteElo "2406"]
[BlackElo "2185"]
[WhiteFideId "400270"]
[BlackFideId "21807663"]
[EventDate "2022.12.17"]

1. d4 Nf6 2. Nf3 g6 3. c4 Bg7 4. g3 O-O 5. Bg2 d6 6. O-O Nc6 7. Nc3 Bf5 8. b3
Rb8 9. Bb2 Ne4 10. Nd5 b5 11. cxb5 Rxb5 12. Ne3 Bd7 13. Qd3 Rh5 14. Qxe4 f5 15.
Qd5+ Kh8 16. Qc4 f4 17. Nd1 d5 18. Qc5 Qc8 19. Re1 Rf6 20. Ne5 Nxe5 21. dxe5 Rf8
22. Qxd5 Be6 23. Qe4 Qe8 24. f3 Bf5 25. Qxf4 Bh3 26. Qe4 Qc8 27. g4 Rh4 28. Bxh3
Rxh3 29. e6 Qa6 30. Bxg7+ Kxg7 31. Qe5+ Kg8 32. Nf2 Rh4 33. Qg5 1-0

[Event "European Rapid 2022"]
[Site "Katowice POL"]
[Date "2022.12.18"]
[Round "9.58"]
[White "Plichta, Kamil"]
[Black "Trybus, Daniel"]
[Result "1-0"]
[WhiteTitle "FM"]
[WhiteElo "2394"]
[BlackElo "2258"]
[WhiteFideId "1141830"]
[BlackFideId "21816131"]
[EventDate "2022.12.17"]

1. e4 c5 2. Nf3 d6 3. Nc3 Nf6 4. e5 dxe5 5. Nxe5 Nbd7 6. d4 cxd4 7. Qxd4 Nxe5 8.
Qxe5 e6 9. Bf4 a6 10. Bd3 Be7 11. O-O-O Qb6 12. Be3 Qc6 13. Be2 O-O 14. Bf3 Qc4
15. Qg3 Rd8 16. Kb1 Bd7 17. Bb6 Re8 18. Bxb7 Rab8 19. Rd4 Qxc3 20. Qxc3 Rxb7 21.
Ba5 Nd5 22. Rxd5 exd5 23. Qd2 Be6 24. Bc3 Rc8 25. Re1 a5 26. f4 Rbc7 27. f5 Bxf5
28. Rxe7 Rxe7 29. Qg5 f6 30. Qxf5 Rd8 31. a4 Kh8 32. Bxa5 Ra8 33. Qxd5 Rea7 34.
b4 Re8 35. Kb2 h6 36. Kb3 Rae7 37. b5 Re3+ 38. c3 Re1 39. b6 Rb1+ 40. Ka2 1-0

[Event "European Rapid 2022"]
[Site "Katowice POL"]
[Date "2022.12.18"]
[Round "9.59"]
[White "Kyc, Jerzy"]
[Black "Rudzinska, Michalina"]
[Result "1/2-1/2"]
[BlackTitle "WFM"]
[WhiteElo "2230"]
[BlackElo "2256"]
[WhiteFideId "1163922"]
[BlackFideId "1172883"]
[EventDate "2022.12.17"]

1. e4 c6 2. d4 d5 3. Nc3 dxe4 4. Nxe4 Nf6 5. Nxf6+ exf6 6. c3 Bd6 7. Bd3 O-O 8.
Qc2 Re8+ 9. Ne2 h5 10. Bd2 c5 11. O-O-O Nc6 12. Be3 cxd4 13. Nxd4 Nxd4 14. Bxd4
Qa5 15. Kb1 Be6 16. b3 Red8 17. Bh7+ Kf8 18. Be4 Rac8 19. Bxb7 Rb8 20. Be4 Qa4
21. b4 Qa3 22. Qb2 Qxb2+ 23. Kxb2 Bxb4 24. Bxa7 Rxd1 25. Rxd1 Rb5 26. Rd8+ Ke7
27. Rb8 Rxb8 28. Bxb8 Bc5 29. f3 f5 30. Bb7 g5 31. a4 Bb6 32. Be5 Ba5 33. Bd4
Kd6 34. Ba6 Bd5 35. c4 Bc6 36. Bb5 Ba8 37. Bc3 Bxc3+ 38. Kxc3 f4 39. Kd4 g4 40.
c5+ Kc7 41. Be2 h4 42. h3 gxh3 43. gxh3 f6 44. a5 Bc6 45. a6 Kb8 46. Kc3 Bd7 47.
Bf1 Bc6 48. Kb4 Bxf3 49. Kb5 Kc7 50. Kc4 Bc6 51. Kd4 Kb8 52. Be2 Bg2 53. Bg4 Bc6
54. Bf5 Ka7 55. Bc8 Ba8 56. Kd3 Bc6 57. Ke2 Kb8 58. Be6 Bb5+ 59. Kf3 Bxa6 60.
Kxf4 Kc7 61. Kg4 Kc6 62. Kxh4 Bf1 63. Kg3 Bxh3 64. Bxh3 Kxc5 65. Kf4 f5 66. Kxf5 1/2-1/2

[Event "European Rapid 2022"]
[Site "Katowice POL"]
[Date "2022.12.18"]
[Round "9.60"]
[White "Haydon, David L"]
[Black "Ulasevich, Sergei"]
[Result "1/2-1/2"]
[WhiteTitle "FM"]
[BlackTitle "CM"]
[WhiteElo "2289"]
[BlackElo "2236"]
[WhiteFideId "415405"]
[BlackFideId "13505629"]
[EventDate "2022.12.17"]

1. Nf3 c5 2. e3 g6 3. c4 Bg7 4. Nc3 Nf6 5. d4 cxd4 6. Nxd4 O-O 7. Be2 d5 8. O-O
a6 9. b3 dxc4 10. bxc4 e5 11. Nb3 Nc6 12. Ba3 Re8 13. Qc1 Bf5 14. Rd1 Qc8 15.
Nd5 Nxd5 16. cxd5 Nd8 17. Qd2 b6 18. Rac1 Qd7 19. f3 e4 20. f4 Qa4 21. Bb4 a5
22. Bc3 Bxc3 23. Rxc3 Nb7 24. g4 Bc8 25. Rc6 Nc5 26. Rxb6 Nd3 27. Nc1 Ba6 28.
Nxd3 exd3 29. Bxd3 Bxd3 30. Qxd3 Qxa2 31. d6 Qe6 32. f5 gxf5 33. d7 Qxb6 34.
dxe8=Q+ Rxe8 35. gxf5 Rxe3 36. Qd4 Qxd4 37. Rxd4 Kg7 38. Rd5 a4 39. Kf2 Rb3 40.
Rd6 Rb5 41. Ra6 Rxf5+ 42. Kg3 Rg5+ 43. Kh3 Rg1 44. Rxa4 Kg6 45. Ra8 Kf5 46. Ra5+
Kg6 47. Ra8 Kf6 48. Ra6+ Kg5 49. Ra7 Rf1 50. Kg2 Rf6 51. Kg3 Kg6 52. Kg4 Rb6 53.
Ra4 Rb3 54. Rc4 f6 55. Ra4 Rc3 56. Rb4 Rc2 57. Kg3 Rc3+ 58. Kg4 Rc2 59. Kg3 Kg5
60. h4+ Kg6 61. Rg4+ Kh5 62. Rg7 Kh6 63. Rg8 Rc1 64. Rf8 Rg1+ 65. Kf2 Rg6 66.
Rf7 Rg4 67. Kf3 Rxh4 68. Rxf6+ Kg5 69. Rf8 Ra4 70. Kg2 h5 71. Rg8+ Kh4 72. Kh2
Ra2+ 73. Rg2 Rxg2+ 74. Kxg2 Kg4 75. Kh2 h4 76. Kg2 h3+ 77. Kh2 Kh4 78. Kg1 Kg3
79. Kh1 h2 1/2-1/2

[Event "European Rapid 2022"]
[Site "Katowice POL"]
[Date "2022.12.18"]
[Round "9.61"]
[White "Buchicchio, Giampaolo"]
[Black "Paehtz, Thomas"]
[Result "0-1"]
[WhiteTitle "FM"]
[BlackTitle "GM"]
[WhiteElo "2259"]
[BlackElo "2339"]
[WhiteFideId "811491"]
[BlackFideId "4611349"]
[EventDate "2022.12.17"]

1. e4 g6 2. d4 Bg7 3. Nc3 d6 4. Be3 a6 5. f4 b5 6. Nf3 Bb7 7. Bd3 b4 8. Ne2 Nf6
9. Ng3 Nbd7 10. Qd2 Rb8 11. c4 bxc3 12. bxc3 Ng4 13. Bg1 e5 14. h3 exf4 15. Qxf4
Ngf6 16. Bf2 h5 17. Qe3 h4 18. Nf1 Bh6 19. Qe2 Nh5 20. Bxh4 f6 21. e5 Nf4 22.
Qc2 dxe5 23. Bxg6+ Kf8 24. Bf5 Rg8 25. Ng3 e4 26. Bxe4 Bxe4 27. Qxe4 Rb2 28. O-O
Rxg2+ 29. Kh1 R2xg3 30. Nh2 Rxh3 31. Rxf4 Bxf4 32. Qxf4 Qa8+ 0-1

[Event "European Rapid 2022"]
[Site "Katowice POL"]
[Date "2022.12.18"]
[Round "9.62"]
[White "Plaskan, Jure"]
[Black "Janeczko, Jakub"]
[Result "1-0"]
[WhiteElo "2241"]
[BlackElo "2247"]
[WhiteFideId "14605252"]
[BlackFideId "21871655"]
[EventDate "2022.12.17"]

1. e4 c5 2. Nf3 Nc6 3. d4 cxd4 4. Nxd4 Nf6 5. Nc3 e6 6. Ndb5 Bc5 7. Bf4 O-O 8.
Be2 a6 9. Bc7 Qe8 10. Bd6 Bxd6 11. Nxd6 Qe7 12. O-O b5 13. f4 e5 14. Nf5 Qc5+
15. Kh1 b4 16. Na4 Qa5 17. fxe5 Nxe5 18. Ne7+ Kh8 19. Rxf6 Qxa4 20. Qd6 Qxc2 21.
Qxe5 d6 22. Qxd6 Bh3 23. Rf2 Rad8 24. Qxb4 Rfe8 25. gxh3 Qxe4+ 26. Qxe4 1-0

[Event "European Rapid 2022"]
[Site "Katowice POL"]
[Date "2022.12.18"]
[Round "9.63"]
[White "Bochnickova, Andrea"]
[Black "Mis, Mieszko"]
[Result "0-1"]
[BlackTitle "FM"]
[WhiteElo "2038"]
[BlackElo "2389"]
[WhiteFideId "14901781"]
[BlackFideId "1196448"]
[EventDate "2022.12.17"]

1. e4 d5 2. exd5 Qxd5 3. Nc3 Qa5 4. d4 Nf6 5. Nf3 Bf5 6. Bd3 Bxd3 7. Qxd3 e6 8.
O-O Be7 9. Ne4 Nbd7 10. c4 c6 11. Bf4 O-O 12. Bd6 Bxd6 13. Nxd6 Qc7 14. c5 Rad8
15. b4 Ne8 16. Ng5 Ndf6 17. Nde4 h6 18. Nf3 Nxe4 19. Qxe4 Nf6 20. Qh4 Rd5 21.
Rfe1 Rfd8 22. Re5 Rxd4 23. Qg3 Nh5 24. Rxh5 Rd1+ 25. Ne1 Qxg3 26. fxg3 Rxa1 27.
Re5 Rxa2 28. h4 Rd1 29. Kh2 Raa1 0-1

[Event "European Rapid 2022"]
[Site "Katowice POL"]
[Date "2022.12.18"]
[Round "9.64"]
[White "Madan, Augustin"]
[Black "Wojdak, Jan"]
[Result "1-0"]
[WhiteTitle "IM"]
[WhiteElo "2292"]
[BlackElo "2115"]
[WhiteFideId "1210327"]
[BlackFideId "21817111"]
[EventDate "2022.12.17"]

1. e4 e5 2. Nf3 Nc6 3. Bb5 a6 4. Bxc6 dxc6 5. O-O Bg4 6. h3 h5 7. d3 Qf6 8. Be3
Bxf3 9. Qxf3 Qxf3 10. gxf3 Bd6 11. Nc3 O-O-O 12. Ne2 f5 13. Bg5 Rf8 14. Bd2 Ne7
15. Kg2 Ng6 16. Bg5 h4 17. Be3 Rh5 18. Kh2 fxe4 19. fxe4 Nf4 20. Bxf4 exf4 21.
f3 c5 22. Rg1 Be5 23. c3 Rd8 24. Rad1 Rh6 25. Rg5 Re6 26. Kg2 b6 27. Rf5 g6 28.
Rg5 c6 29. d4 cxd4 30. cxd4 Bg7 31. Nxf4 Red6 32. Rxg6 Rxg6+ 33. Nxg6 Bxd4 34.
Ne7+ Kb7 35. f4 c5 36. Kf3 Rf8 37. b3 b5 38. e5 Bb2 39. Rb1 Ba3 40. Ng6 Rg8 41.
f5 Kc7 42. Ke4 Rd8 43. e6 Rd2 44. f6 c4 45. bxc4 bxc4 46. Nf4 c3 47. Rb3 c2 48.
Rc3+ Kd6 49. e7 Kd7 50. Rc8 Kxc8 51. e8=Q+ Kb7 52. Qf7+ Ka8 53. Qg8+ Ka7 54.
Qg1+ Ka8 55. f7 1-0

[Event "European Rapid 2022"]
[Site "Katowice POL"]
[Date "2022.12.18"]
[Round "9.65"]
[White "Dragicevic, Drazen"]
[Black "Salna, Aleksandras"]
[Result "0-1"]
[WhiteTitle "FM"]
[WhiteElo "2345"]
[BlackElo "2191"]
[WhiteFideId "1707922"]
[BlackFideId "12807575"]
[EventDate "2022.12.17"]

1. Nf3 d5 2. g3 Nd7 3. d4 Nb6 4. Bg2 Bf5 5. O-O e6 6. a4 a5 7. b3 Nf6 8. Ba3
Bxa3 9. Nxa3 O-O 10. c4 c6 11. Ra2 h6 12. Rb2 Qe7 13. c5 Nbd7 14. b4 axb4 15.
Rxb4 b6 16. Qc1 Be4 17. Rxb6 Nxb6 18. cxb6 Rxa4 19. Nb1 Rb4 20. Nc3 Bxf3 21.
Bxf3 Rxb6 22. e3 Ra8 23. Bd1 Qa3 24. Qd2 Rb2 25. Qe1 Qb4 26. g4 Ra3 27. Na4 Rxa4 0-1

[Event "European Rapid 2022"]
[Site "Katowice POL"]
[Date "2022.12.18"]
[Round "9.66"]
[White "Czerw, Dawid"]
[Black "Lajbl, Jan"]
[Result "1-0"]
[WhiteTitle "IM"]
[WhiteElo "2373"]
[BlackElo "2225"]
[WhiteFideId "1145746"]
[BlackFideId "390240"]
[EventDate "2022.12.17"]

1. e4 e6 2. d4 d5 3. Nc3 Nf6 4. Bg5 dxe4 5. Nxe4 Be7 6. Bxf6 gxf6 7. Nf3 a6 8.
g3 b5 9. Bg2 f5 10. Nc3 Bb7 11. O-O c5 12. d5 b4 13. dxe6 bxc3 14. exf7+ Kf8 15.
Qe2 Be4 16. Qe3 cxb2 17. Qh6+ Kxf7 18. Ne5+ Kg8 19. Qe6+ Kg7 20. Rad1 Qf8 21.
Bxe4 fxe4 22. Qg4+ Kh6 23. Rd6+ Bf6 24. Qxe4 Rg8 25. Qxa8 Kg7 26. Qb7+ Kh8 27.
Nf7+ Kg7 28. Ng5+ Qe7 29. Ne6+ Kh8 30. Qxe7 Bxe7 31. Rb6 Bf6 32. Nf4 Bd4 33. Ne2
Nd7 34. Rb7 Rf8 35. Nxd4 1-0

[Event "European Rapid 2022"]
[Site "Katowice POL"]
[Date "2022.12.18"]
[Round "9.67"]
[White "Redzisz, Michal"]
[Black "Tisaj, Domen"]
[Result "0-1"]
[WhiteTitle "FM"]
[BlackTitle "FM"]
[WhiteElo "2260"]
[BlackElo "2396"]
[WhiteFideId "21816107"]
[BlackFideId "14628708"]
[EventDate "2022.12.17"]

1. d4 d6 2. Nf3 Bg4 3. e4 Nf6 4. Nc3 Nc6 5. Be2 g6 6. Be3 Bg7 7. h3 Bxf3 8. Bxf3
O-O 9. Qd2 e5 10. dxe5 Nxe5 11. Be2 Nfd7 12. Bh6 Nb6 13. Bxg7 Kxg7 14. O-O-O Qf6
15. f4 Nec4 16. Qd4 Qxd4 17. Rxd4 Na5 18. Bf3 Nc6 19. Rd2 Rfe8 20. g4 h6 21. h4
f6 22. Nd5 Nxd5 23. exd5 Nb4 24. a3 Na6 25. Re2 Rxe2 26. Bxe2 Nc5 27. Bf3 Re8
28. Rf1 g5 29. hxg5 hxg5 30. f5 Nd7 31. Kd2 Ne5 32. Be2 Rh8 33. Rf2 Rh3 34. Rg2
Kf7 35. b3 Ke7 36. a4 c6 37. dxc6 bxc6 38. Bd1 d5 39. Re2 Kd6 40. Rg2 a5 41. Be2
Kc5 0-1

[Event "European Rapid 2022"]
[Site "Katowice POL"]
[Date "2022.12.18"]
[Round "9.68"]
[White "Dubnevych, Maksym"]
[Black "Paszewski, Mateusz"]
[Result "1/2-1/2"]
[BlackTitle "FM"]
[WhiteElo "2139"]
[BlackElo "2282"]
[WhiteFideId "14184001"]
[BlackFideId "1141058"]
[EventDate "2022.12.17"]

1. d4 d5 2. Nc3 Nf6 3. Bf4 c5 4. e3 cxd4 5. exd4 a6 6. Nf3 Nc6 7. Be2 Bg4 8. O-O
e6 9. Ne5 Bxe2 10. Nxe2 Bd6 11. c4 Qc7 12. Rc1 O-O 13. Qa4 dxc4 14. Qxc4 Nd5 15.
Bg3 Bxe5 16. dxe5 Rac8 17. Qe4 Qb6 18. b3 Ncb4 19. Rc4 Nxa2 20. Qf3 Ne7 21. Rg4
Nf5 22. Bh4 Qc6 23. Qf4 Nc3 24. Nxc3 Qxc3 25. Bf6 Kh8 26. Rxg7 Nxg7 27. Bxg7+
Kxg7 28. Qg5+ Kh8 29. Qf6+ Kg8 30. Qg5+ Kh8 1/2-1/2

[Event "European Rapid 2022"]
[Site "Katowice POL"]
[Date "2022.12.18"]
[Round "9.69"]
[White "Kruckenhauser, Arthur"]
[Black "Agafonov, Yuri Dr"]
[Result "0-1"]
[WhiteTitle "FM"]
[WhiteElo "2339"]
[BlackElo "2077"]
[WhiteFideId "1642812"]
[BlackFideId "11602104"]
[EventDate "2022.12.17"]

1. e4 Nf6 2. Nc3 d6 3. d4 g6 4. Nf3 Bg7 5. Be3 O-O 6. Qd2 Nc6 7. d5 Ne5 8. Nxe5
dxe5 9. Rd1 a6 10. a4 Bd7 11. f3 Qb8 12. a5 Rd8 13. Bc5 Re8 14. Qf2 Nh5 15. g3
Qc8 16. Be2 Rb8 17. Ba7 Ra8 18. Be3 Rb8 19. O-O Nf6 20. Ra1 Rf8 21. Ba7 Ra8 22.
Bc5 Qd8 23. Rfd1 Ne8 24. Ra3 Nd6 25. Rb3 Kh8 26. Bxd6 cxd6 27. Rxb7 Bc8 28. Rb6
f5 29. Bd3 Qc7 30. Na2 fxe4 31. Bxe4 Bf5 32. Qd2 Bxe4 33. fxe4 Qc5+ 34. Kg2 Bh6
35. Qxh6 Rf2+ 36. Kh3 Qxc2 37. Rh1 Qxe4 38. Qc1 Qf5+ 39. g4 Rf3+ 40. Kh4 Qf6+
41. Qg5 Rh3+ 42. Kxh3 Qxg5 43. Rb3 Rf8 44. Nb4 Qd2 45. Rg1 Rf2 46. Nd3 Qh6+ 0-1

[Event "European Rapid 2022"]
[Site "Katowice POL"]
[Date "2022.12.18"]
[Round "9.70"]
[White "Malesevic, Nedeljko"]
[Black "Bazilius, Augustinas"]
[Result "0-1"]
[WhiteTitle "FM"]
[WhiteElo "2226"]
[BlackElo "2118"]
[WhiteFideId "1703447"]
[BlackFideId "12832251"]
[EventDate "2022.12.17"]

1. d4 Nf6 2. c4 g6 3. Nc3 d5 4. Nf3 Bg7 5. Bg5 Ne4 6. cxd5 Nxg5 7. Nxg5 e6 8.
Qd2 exd5 9. Qe3+ Kf8 10. Qf4 Bf6 11. h4 h6 12. Nxd5 Bxg5 13. hxg5 Qxd5 14. Qf6
Rh7 15. Rxh6 Rg7 16. e3 Be6 17. Bc4 Qa5+ 18. Kd1 Nd7 19. Rh8+ Rg8 20. Rxg8+ Kxg8
21. Qe7 Bxc4 22. Qxd7 Qxg5 23. Rc1 Qxg2 24. b3 Be6 25. Qb5 Qxf2 26. Rc3 Bg4+ 27.
Kc1 Qe1+ 28. Kb2 Qe2+ 29. Qxe2 Bxe2 30. Rxc7 Bf3 31. Kc3 Re8 32. Kd3 Bc6 33. b4
g5 34. a4 a6 35. Ke2 g4 36. Kf2 g3+ 37. Kxg3 Rxe3+ 38. Kf2 Rb3 0-1

[Event "European Rapid 2022"]
[Site "Katowice POL"]
[Date "2022.12.18"]
[Round "9.71"]
[White "Grineva, Marianna"]
[Black "Brilej, Jaka"]
[Result "0-1"]
[WhiteTitle "WFM"]
[BlackTitle "FM"]
[WhiteElo "2020"]
[BlackElo "2336"]
[WhiteFideId "14102013"]
[BlackFideId "14618818"]
[EventDate "2022.12.17"]

1. e4 c6 2. d4 d5 3. f3 dxe4 4. fxe4 e5 5. Nf3 Bg4 6. Bc4 Nd7 7. O-O Ngf6 8. c3
Bd6 9. h3 Bxf3 10. Rxf3 O-O 11. Qd3 Qe7 12. Bg5 exd4 13. cxd4 Qxe4 14. Nd2 Qxd3
15. Bxd3 h6 16. Nc4 Bc7 17. Bf4 Bxf4 18. Rxf4 Nd5 19. Rf3 N7f6 20. Nd6 Rab8 21.
Re1 Rfd8 22. Nf5 Re8 23. Ref1 Re6 24. a3 a5 25. Rc1 Rbe8 26. Rc5 b6 27. Rc2 h5
28. Rg3 g6 29. Rg5 Kf8 30. Nh4 Kg7 31. Nf3 Nf4 32. Ba6 R8e7 33. Ne5 Rd6 34. Nxc6
Rc7 35. Bb5 Ne6 36. Rg3 Ne4 37. Re3 f5 38. Kh2 h4 39. a4 Nf4 40. Re1 Nd5 41.
Rec1 Ne3 42. Re2 f4 43. b3 Ng3 44. Rf2 g5 45. Rc3 Ne4 46. Rfc2 Nxc3 47. Rxc3 Kf6
48. Rc1 Rxd4 49. Kg1 Rd2 50. Rc3 Rxg2+ 51. Kh1 Rd2 52. Rc1 Rd1+ 53. Rxd1 Nxd1
54. Kg2 Rd7 55. Kf3 Rd2 56. Bc4 Rh2 57. Nd4 Rxh3+ 58. Kg4 Rg3+ 59. Kh5 h3 60.
Ne2 h2 61. Nxg3 fxg3 62. Bd5 Ne3 0-1

[Event "European Rapid 2022"]
[Site "Katowice POL"]
[Date "2022.12.18"]
[Round "9.72"]
[White "Koziorowicz, Michal"]
[Black "Krawczyk, Flawian"]
[Result "1-0"]
[WhiteTitle "FM"]
[WhiteElo "2348"]
[BlackElo "1988"]
[WhiteFideId "21809194"]
[BlackFideId "21881413"]
[EventDate "2022.12.17"]

1. e4 c5 2. Nf3 d6 3. Bb5+ Nd7 4. d4 cxd4 5. Qxd4 e5 6. Qd3 a6 7. Bxd7+ Bxd7 8.
Nc3 h6 9. O-O Nf6 10. Nd2 Rc8 11. Nc4 Be6 12. Ne3 Be7 13. Rd1 O-O 14. b3 Qc7 15.
Bb2 b5 16. Rac1 Rfd8 17. g3 Qb7 18. f4 exf4 19. gxf4 Rxc3 20. Bxc3 Nxe4 21. Bb2
f5 22. Nd5 Bf8 23. c4 b4 24. Rc2 a5 25. Rg2 Kh7 26. Kh1 Qf7 27. Rdg1 Bxd5 28.
Qxd5 Qxd5 29. cxd5 g5 30. fxg5 hxg5 31. Rxg5 Nxg5 32. Rxg5 f4 33. Rf5 Bh6 34.
Bd4 Rc8 35. Rf7+ Kg8 36. Rf6 Rc1+ 37. Kg2 Rd1 38. Rxh6 Rxd4 39. Rxd6 Rd2+ 40.
Kf3 Rxh2 41. Ra6 Rxa2 42. Kxf4 Kf7 43. Ke5 Re2+ 44. Kd4 Rd2+ 45. Kc5 Rc2+ 46.
Kb5 Rc3 47. Ka4 Ke7 48. Rxa5 Kd6 49. Kxb4 Rc1 50. Ra8 Rh1 51. Rd8+ Kc7 52. Rg8
Kd6 53. Rg5 Rb1 54. Kc4 Rc1+ 55. Kb5 Rc8 56. b4 Ra8 57. Kc4 Ra4 58. Rg6+ Kd7 59.
Kc5 Ra1 60. Rg7+ Kc8 61. Kb6 Rd1 62. Kc6 Rc1+ 63. Kd6 Rd1 64. Rc7+ Kb8 65. Rc4
Kb7 66. Ke6 Rh1 67. Rf4 Rh6+ 68. Ke7 Kc7 69. b5 Rh7+ 70. Ke6 Rh6+ 71. Rf6 Rh1
72. d6+ Kb6 73. Ke7 Re1+ 74. Re6 1-0